| 000 | 01126nam a2200229Ia 4500 | ||
|---|---|---|---|
| 003 | Ost | ||
| 005 | 20260507075020.0 | ||
| 008 | 260507s9999||||xx |||||||||||||| ||und|| | ||
| 020 | _a9775160997 | ||
| 040 | _cfsecg | ||
| 041 | _aara | ||
| 082 | _a381.142 | ||
| 100 |
_aحجازي، عبد الفتاح بيومي _eمؤلف |
||
| 245 | 0 |
_aالنظام القانوني لحماية الحكومة الإلكترونية : _bالنظام القانوني للحكومة الالكترونية / _c عبد الفتاح بيومي حجازي |
|
| 260 |
_aالإسكندرية: _bدار الفكر الجامعي, _c2003 |
||
| 300 |
_a462 صفحة؛ _c24 سم |
||
| 504 | _aببلوغرافيا ص.433 | ||
| 520 | _aالحكومة الالكترونية-التعليم والحكومة الالكترونية-التجارة الالكترونية بوصفها من تطبيقات الحكومة الالكترونية-الحكومة الالكترونية في إدارة دبي | ||
| 653 | _aالالكترونيات-خدمات المعلومات | ||
| 653 | _aالحكومة الإلكترونية | ||
| 942 | _cكتاب | ||
| 999 |
_c42261 _d42261 |
||